000 01039nam a22002897a 4500
003 DO-SdBPM
005 20250310130645.0
008 210426b 2015 ch 00| 0 spa d
020 _a9787513808057
040 _aDO-SdBPM
_bspa
_cBPMSU
_erda
082 4 _a495.1
_bN964c 2015
_222
092 _a
245 0 0 _aNuevo chino para niños = 新中式儿童 /
_cLiu Xun...[y otros] ; ilustrado por Shao Qianqian... [y otros] ; traductor Rocío Maresco
260 _aRepública Popular, China :
_bSonolingua,
_c2015
_b
300 _a 57 p. :
_bils. ;
_c27 cm.
500 _3
590 _aInventariado, 2025/VM
650 4 _aChino
_xEnseñanza primaria
_xEstudiantes extranjeros
650 4 _aLibros ilustrados para niños
_v
700 1 _aLiu, Xun
_ecompilador
700 1 _3 Shao, Qianqian.
_eilustraciones
700 1 _3Marescoj, Rocío
_etraductor
700 1 _3Sánchez-Vincitore, Laura V.
_einvestigadora
700 1 _3Veras, Cledenin
_einvestigador pedagógico
910 _aVMateo V. Control de calidad. BPMSU
942 _2ddc
_cBK
999 _c14997
_d14997